000 00404nam a22001697a 4500
005 20160430123901.0
008 160430b xxu||||| |||| 00| 0 eng d
020 _a81-297-0202-9
041 _aeng
082 _b1087
100 _aDessler Garg
_9350
245 _aHuman Resaurce Management
260 _aNew Delhi
_bPearson Education,
_c2003
300 _a557
650 _aManagement
_9241
942 _cBK
999 _c404
_d404